00415 2200169 4500001002100000005001500021008004100036020001800077035001900095041000700114082000800121090001400129245002900143260003100172300001800203650002400221INLIS00000000001441820241224114736241224||||||||| | ||| |||| || |  a979-526-343-9 0010-1224014418 aid0 a401 a401 TIM e00aEJAAN YANG DISEMPURNAKAN aJakartabBumi Aksarac2009 a134hlm15x20cm 0aBahasa & Linguistik